| 000 | 00695nam a2200229 a 4500 | ||
|---|---|---|---|
| 005 | 20140310183456.0 | ||
| 008 | 091116s19uu xx 00 eng d | ||
| 020 | _a9780071285261 | ||
| 050 |
_aHF 1017 _b.B654 2009 |
||
| 100 | _aBowerman, Bruce L. | ||
| 245 |
_aBusiness Statistics in Practice / _cBruce L. Bowerman, Richard T. O'Connell, Emily S. Murphree. |
||
| 250 | _a5th ed. | ||
| 260 |
_aBoston : _bMc-GrawHill, _cc2009. |
||
| 300 |
_a907 p. : _bill. (some col.) ; _c28 cm. |
||
| 521 | _aBSBA | ||
| 650 | _aBusiness Statistics. 2. Statisitics. | ||
| 700 | _aO'Connell, Richard T. | ||
| 700 | _aMurphree, Emily S. | ||
| 942 |
_cBK _2lcc _kFOR |
||
| 999 |
_c23629 _d23629 |
||